Manoram bhoomi Arunachal: (Record no. 224131)
[ view plain ]
| 000 -LEADER | |
|---|---|
| fixed length control field | 00754nam a22002177a 4500 |
| 005 - DATE AND TIME OF LATEST TRANSACTION | |
| control field | 20220723095108.0 |
| 008 - FIXED-LENGTH DATA ELEMENTS--GENERAL INFORMATION | |
| fixed length control field | 220723b ||||| |||| 00| 0 eng d |
| 020 ## - INTERNATIONAL STANDARD BOOK NUMBER | |
| International Standard Book Number | 8173151253 |
| 040 ## - CATALOGING SOURCE | |
| Transcribing agency | Aloy |
| 041 ## - LANGUAGE CODE | |
| Language code of text/sound track or separate title | hin |
| 082 ## - DEWEY DECIMAL CLASSIFICATION NUMBER | |
| Edition number | 23 |
| Classification number | H891.4 |
| Item number | PRAM |
| 100 ## - MAIN ENTRY--PERSONAL NAME | |
| Personal name | Matha Prasad: माता प्रसाद |
| 100 ## - MAIN ENTRY--PERSONAL NAME | |
| 9 (RLIN) | 52945 |
| 245 ## - TITLE STATEMENT | |
| Title | Manoram bhoomi Arunachal: |
| Remainder of title | मनोरम भूमि अरुणाचल |
| 260 ## - PUBLICATION, DISTRIBUTION, ETC. | |
| Place of publication, distribution, etc. | Dilli |
| Name of publisher, distributor, etc. | Prabhat Prakashan |
| Date of publication, distribution, etc. | 1995 |
| 300 ## - PHYSICAL DESCRIPTION | |
| Extent | 308p. |
| Other physical details | HB |
| Dimensions | 22x14cm. |
| 365 ## - TRADE PRICE | |
| Source of price type code | Hindi |
| 650 ## - SUBJECT ADDED ENTRY--TOPICAL TERM | |
| Topical term or geographic name entry element | Hindi Prose: हिंदी गध्य |
| 9 (RLIN) | 52935 |
| 650 ## - SUBJECT ADDED ENTRY--TOPICAL TERM | |
| Topical term or geographic name entry element | Hindi Literature: हिंदी साहित्य |
| 9 (RLIN) | 52936 |
| 700 ## - ADDED ENTRY--PERSONAL NAME | |
| Personal name | PRASAD (Matha): प्रसाद (माता) |
| 9 (RLIN) | 52937 |
| 942 ## - ADDED ENTRY ELEMENTS (KOHA) | |
| Source of classification or shelving scheme | Dewey Decimal Classification |
| Koha item type | George Fernandes Collections |
| Withdrawn status | Lost status | Source of classification or shelving scheme | Damaged status | Not for loan | Collection code | Home library | Current library | Date acquired | Total Checkouts | Full call number | Barcode | Date last seen | Price effective from | Koha item type |
|---|---|---|---|---|---|---|---|---|---|---|---|---|---|---|
| Dewey Decimal Classification | Hindi | St Aloysius Library | St Aloysius Library | 03/24/2013 | H891.4 PRAM | GF02605 | 07/23/2022 | 07/23/2022 | George Fernandes Collections |